000 01147nam a2200277Ia 4500
003 OSt
005 20210106164144.0
008 191128s1970 sp ad gr 000 0 spa d
020 _a8423401693
040 _aCO-JMCR
_cCO-JMCR
041 1 _aspa
_heng
082 0 4 _a658.802 /
_bB874p
_223
100 1 _aBuskirk, Richard H,
_eautor
_912758
245 1 0 _aPrincipios y práctica de marketing /
_cRichard H. Buskirk ; traducido por Fernando Urizar
250 _a6° edición
260 _aBilbao :
_bEdiciones Deusto,
_c1970
300 _a840 páginas :
_bgráficos a blanco y negro ;
_c24 cm.
490 0 _aColección Clásicos de gestión
500 _aIncluye notas a pie de página y preguntas al final de cada capítulo.
505 0 _aPerspectiva del marketing -- Los mercados industriales y de consumo -- Planificación del producto -- Canales de distribución -- Problemas de fijación de precios -- Promoción -- Problemas especiales
534 _pPrinciples of marketing : the management view
546 _aTraducido del inglés
650 1 4 _aMercados
_912759
700 1 _aUrizar, Fernando,
_etraductor
_912760
942 _2ddc
_cBK
999 _c6200
_d6200